States and Countries With Cities Named Springfield - Statistics

General Stats
  • This quiz has been taken 23 times
  • The average score is 28 of 37
Answer Stats
Answer % Correct
Arkansas
84%
California
84%
Florida
84%
Georgia
84%
New York
84%
Oregon
84%
South Carolina
84%
United Kingdom
84%
Colorado
79%
Illinois
79%
Indiana
79%
Kentucky
79%
Maine
79%
Massachusetts
79%
Michigan
79%
New Hampshire
79%
New Jersey
79%
Ohio
79%
South Dakota
79%
Tennessee
79%
Texas
79%
Vermont
79%
Virginia
79%
West Virginia
79%
Australia
74%
Minnesota
74%
Missouri
74%
Nebraska
74%
New Zealand
74%
Wisconsin
74%
Idaho
68%
Ireland
68%
Louisiana
68%
Canada
58%
South Africa
47%
Belize
42%
U. S. Virgin Islands
32%
No matching quizzes found
Score Distribution
Percent of People with Each Score
Percentile by Number Answered
Your Score History
You have not taken this quiz